书目信息 |
| 题名: |
现代制造企业信息化
|
|
| 作者: | 刘树森 编著 | |
| 分册: | ||
| 出版信息: | 北京 科学出版社 2005 |
|
| 页数: | 17, 354页 | |
| 开本: | 26cm | |
| 丛书名: | ||
| 单 册: | ||
| 中图分类: | F407.406.14 | |
| 科图分类: | ||
| 主题词: | 制造工业--工业企业管理--管理信息系统 , 制造工业 , 工业企业管理 , 管理信息系统 | |
| 电子资源: | ||
| ISBN: | 7-03-014371-X | |
| 000 | 01280nam0 2200349 450 | |
| 000 | 01245nam0 2200337 450 | |
| 000 | 01208nam0 2200325 450 | |
| 000 | 01155nam0 2200325 450 | |
| 000 | 01118nam0 2200313 450 | |
| 000 | 01051nam0 2200289 450 | |
| 001 | 0104000022 | |
| 005 | 20061025084400.17 | |
| 010 | @a7-03-014371-X@dCNY42.00 | |
| 100 | @a20051012d2005 em y0chiy0110 ea | |
| 101 | 0 | @achi |
| 102 | @aCN@b110000 | |
| 105 | @ay z 000yy | |
| 200 | 1 | @a现代制造企业信息化@Axian dai zhi zao qi ye xin xi hua@f刘树森等编著@Fliu shu sen deng bian zhu |
| 210 | @a北京@c科学出版社@d2005 | |
| 215 | @a17, 354页@d26cm | |
| 330 | @a本书共9章,阐述了现代制造业企业信息化的战略与策略,全面介绍了现代制造业企业信息化应包括的应用领域与具体内容,详细论述了关系企业信息化的开发方法、项目管理、团队建设、投入产出等重要问题。 | |
| 510 | 1 | @aModern Manufacturing Enterprise Informationalization@zeng |
| 606 | 0 | @a制造工业@x工业企业管理@x管理信息系统 |
| 606 | 0 | @a制造工业 |
| 606 | 0 | @a工业企业管理 |
| 606 | 0 | @a管理信息系统 |
| 690 | @aF407.406.14@v4 | |
| 701 | 0 | @a刘树森@9liu shu sen@4编著 |
| 801 | 0 | @aCN@b北京荣雅伟业图书经销中心@c20061025 |
| 905 | @aBZT@dF407.406.14@e2 | |
| 906 | @dCNY42.00@n0@r1 | |
| 现代制造企业信息化/刘树森等编著.-北京:科学出版社,2005 |
| 17, 354页;26cm |
| ISBN 7-03-014371-X:CNY42.00 |
| 本书共9章,阐述了现代制造业企业信息化的战略与策略,全面介绍了现代制造业企业信息化应包括的应用领域与具体内容,详细论述了关系企业信息化的开发方法、项目管理、团队建设、投入产出等重要问题。 |
| ● |
| 相关链接 |
|
|
|
正题名:现代制造企业信息化
索取号:F407.406.14/2
 
预约/预借
| 序号 | 登录号 | 条形码 | 馆藏地/架位号 | 状态 | 备注 |
| 1 | 509516 | 230067178 | 中心书库北库/ 北库017架A面5列1层45/ [索取号:F407.406.14/2] | 在馆 | |
| 2 | 509517 | 230067177 | 中心书库北库/ 北库017架A面5列1层44/ [索取号:F407.406.14/2] | 在馆 | |
| 3 | 509518 | 230067179 | 中心书库北库/ 北库017架A面5列1层46/ [索取号:F407.406.14/2] | 在馆 | |
| 4 | 509519 | 230067180 | 中心书库北库/ 北库017架A面5列1层43/ [索取号:F407.406.14/2] | 在馆 | |
| 5 | 509520 | 230067181 | 中心书库北库/ 北库017架A面5列1层47/ [索取号:F407.406.14/2] | 在馆 |